[Event "Tsaghkadzor op"]
[Site "Tsaghkadzor"]
[Date "2017.11.30"]
[Round "8"]
[White "Zhigalko, Sergei"]
[Black "Kalashian, David"]
[Result "1-0"]
[WhiteElo "2638"]
[BlackElo "2400"]
[PlyCount "71"]
[EventDate "2017.11.23"]
[EventType "swiss"]
[EventRounds "9"]
[EventCountry "ARM"]
[SourceTitle "CBM 181 Extra"]
[Source "ChessBase"]
[SourceDate "2017.12.12"]
[SourceVersion "1"]
[SourceVersionDate "2017.12.12"]
[SourceQuality "1"]

1. e4 c5 2. Nf3 a6 3. c3 Nf6 4. e5 Nd5 5. d4 cxd4 6. Bc4 Nb6 7. Bb3 d5 8. exd6 e6 9. cxd4 Bxd6 10. Nc3 O-O 11. O-O Nc6 12. Re1 Ne7 13. Bg5 f6 14. Bh4 Nbd5 15. Bg3 b6 16. Rc1 Ra7 17. Nxd5 exd5 18. Nd2 Kh8 19. Bxd6 Qxd6 20. Qe2 Bf5 21. Qf3 Bg6 22. Qg3 Qb4 23. Qc3 Qd6 24. a3 Nf5 25. h3 Rd7 26. Bd1 h5 27. Be2 Qf4 28. Nf3 a5 29. Bd3 Bh7 30. Qc6 Rd6 31. Qc7 Rfd8 32. Rc6 Nh6 33. Rxd6 Rxd6 34. Re8+ Bg8 35. Bg6 h4 36. Rd8 1-0

[Event "Tsaghkadzor op"]
[Site "Tsaghkadzor"]
[Date "2017.12.01"]
[Round "9"]
[White "Gabuzyan, Hovhannes"]
[Black "Zhigalko, Sergei"]
[Result "1/2-1/2"]
[WhiteElo "2583"]
[BlackElo "2638"]
[PlyCount "288"]
[EventDate "2017.11.23"]
[EventType "swiss"]
[EventRounds "9"]
[EventCountry "ARM"]
[SourceTitle "CBM 181 Extra"]
[Source "ChessBase"]
[SourceDate "2017.12.12"]
[SourceVersion "1"]
[SourceVersionDate "2017.12.12"]
[SourceQuality "1"]

1. Nf3 d5 2. g3 c6 3. Bg2 Bg4 4. O-O e6 5. d4 Nf6 6. Nbd2 Be7 7. Re1 Nbd7 8. e4 h6 9. c3 O-O 10. h3 Bh5 11. Qb3 Rb8 12. exd5 cxd5 13. Nf1 b5 14. a4 a6 15. axb5 axb5 16. Bf4 Rb7 17. N1d2 Qb6 18. Bf1 Bg6 19. Ra2 Nh5 20. Be3 Qc7 21. Qd1 Nhf6 22. Bf4 Bd6 23. Ne5 Bxe5 24. dxe5 Ne4 25. Nxe4 Bxe4 26. f3 Bh7 27. Qd4 g5 28. Bd2 f6 29. f4 fxe5 30. fxe5 Nc5 31. Be3 Ne4 32. Kg2 Qg7 33. Be2 Rbf7 34. Rea1 g4 35. hxg4 Bf5 36. Qd1 Nf2 37. Qd4 Be4+ 38. Kg1 Nxg4 39. Ra7 Rxa7 40. Qxa7 Qxe5 41. Bf4 Qh5 42. Bxg4 Qxg4 43. Qe7 Qh3 44. Kf2 Rxf4+ 45. gxf4 Qf3+ 46. Ke1 Qe3+ 47. Kd1 Bf3+ 48. Kc2 Qe4+ 49. Kb3 Bd1+ 50. Ka2 Qa4+ 51. Kb1 Qc2+ 52. Ka2 Qa4+ 53. Kb1 Bc2+ 54. Kc1 Qxa1+ 55. Kxc2 Qa4+ 56. b3 Qe4+ 57. Kb2 Qg6 58. Qd7 h5 59. b4 Qg2+ 60. Ka3 Qe2 61. Qe8+ Kg7 62. f5 Qe5 63. Qe7+ Kh6 64. fxe6 Qxc3+ 65. Ka2 Qc2+ 66. Ka3 Qc3+ 67. Ka2 Qd2+ 68. Ka3 Qe3+ 69. Ka2 Qf2+ 70. Ka3 Qg3+ 71. Ka2 Qg2+ 72. Ka3 Qg7 73. Qd6 Qc3+ 74. Ka2 Qc4+ 75. Ka3 Qd3+ 76. Kb2 Kg6 77. e7+ Kf7 78. Qe5 Ke8 79. Qxh5+ Kxe7 80. Qg5+ Ke6 81. Qg8+ Ke5 82. Qg5+ Ke6 83. Qg8+ Kf6 84. Qf8+ Kg5 85. Qg8+ Kf4 86. Qf8+ Kg3 87. Qg7+ Kf2 88. Qf6+ Ke2 89. Qe7+ Kd1 90. Qc5 d4 91. Qc6 Qe2+ 92. Kb1 Qd3+ 93. Kb2 Qe2+ 94. Kb1 Qc4 95. Qc5 Qb3+ 96. Ka1 Qc3+ 97. Kb1 Qd3+ 98. Kb2 Qc4 99. Kb1 Kd2 100. Kb2 Qc3+ 101. Kb1 Qd3+ 102. Kb2 Ke1 103. Qc1+ Ke2 104. Qc5 Ke1 105. Qc1+ Qd1 106. Qc5 Qe2+ 107. Kc1 Qe4 108. Kb2 d3 109. Qg1+ Kd2 110. Qf2+ Qe2 111. Qg1 Qe5+ 112. Ka2 Qe6+ 113. Kb2 Qf6+ 114. Ka2 Ke2 115. Qg2+ Qf2 116. Qe4+ Kf1+ 117. Ka3 d2 118. Qd3+ Kg2 119. Qc2 Qa7+ 120. Kb3 Qd4 121. Qg6+ Kf2 122. Qf7+ Ke3 123. Qe8+ Kf2 124. Qf7+ Kg3 125. Qg6+ Kf4 126. Qh6+ Kf5 127. Qh5+ Ke6 128. Kc2 Qxb4 129. Qe2+ Kd5 130. Qd3+ Kc5 131. Qe3+ Kd5 132. Qd3+ Ke5 133. Qe3+ Qe4+ 134. Kxd2 Qxe3+ 135. Kxe3 Kd5 136. Kd3 Kc5 137. Kc3 b4+ 138. Kb3 Kb5 139. Kb2 Kc4 140. Kc2 b3+ 141. Kb2 Kb4 142. Kb1 Kc3 143. Kc1 b2+ 144. Kb1 Kb3 1/2-1/2

[Event "EU-ch blitz"]
[Site "Katowice"]
[Date "2017.12.15"]
[Round "1"]
[White "Kaminski, Jan"]
[Black "Zhigalko, Sergei"]
[Result "0-1"]
[WhiteElo "1839"]
[BlackElo "2641"]
[PlyCount "82"]
[EventDate "2017.12.15"]
[EventType "swiss (blitz)"]
[EventRounds "22"]
[EventCountry "POL"]
[SourceTitle "CBM 182 Extra"]
[Source "ChessBase"]
[SourceDate "2018.02.23"]
[SourceVersion "1"]
[SourceVersionDate "2018.02.23"]
[SourceQuality "1"]

1. e4 c5 2. Nf3 d6 3. d4 cxd4 4. Nxd4 Nf6 5. Nc3 a6 6. Rg1 e5 7. Nb3 Be6 8. g4 Nfd7 9. g5 Nb6 10. Be3 N8d7 11. Qh5 Rc8 12. O-O-O Rxc3 13. bxc3 Qc7 14. Kb2 Na4+ 15. Kc1 Nxc3 16. Rd3 d5 17. exd5 Ba3+ 18. Kd2 Nxd5 19. Bh3 O-O 20. Bxe6 fxe6 21. g6 N7f6 22. gxh7+ Kh8 23. Qg6 e4 24. Rd4 b5 25. Bh6 Rf7 26. h4 Bb2 27. Rxd5 exd5 28. Rg2 Nxh7 29. Be3 Qe7 30. h5 Rf6 31. Qg4 d4 32. Bxd4 Bxd4 33. Nxd4 Rf7 34. Qc8+ Rf8 35. Qc3 Qf6 36. Ne2 Qh6+ 37. Qe3 Rd8+ 38. Kc1 Qf6 39. Qb3 Qa1+ 40. Qb1 Rd1+ 41. Kxd1 Qxb1+ 0-1

[Event "EU-ch blitz"]
[Site "Katowice"]
[Date "2017.12.15"]
[Round "2"]
[White "Zhigalko, Sergei"]
[Black "Kaminski, Jan"]
[Result "1-0"]
[WhiteElo "2641"]
[BlackElo "1839"]
[PlyCount "49"]
[EventDate "2017.12.15"]
[EventType "swiss (blitz)"]
[EventRounds "22"]
[EventCountry "POL"]
[SourceTitle "CBM 182 Extra"]
[Source "ChessBase"]
[SourceDate "2018.02.23"]
[SourceVersion "1"]
[SourceVersionDate "2018.02.23"]
[SourceQuality "1"]

1. e4 c5 2. Nf3 g6 3. c3 Bg7 4. d4 cxd4 5. cxd4 d5 6. e5 Nc6 7. Bb5 Bg4 8. Bxc6+ bxc6 9. Nbd2 Nh6 10. O-O O-O 11. h3 Bxf3 12. Nxf3 e6 13. Bg5 Qb6 14. Qd2 Nf5 15. g4 h6 16. Bf6 Bxf6 17. exf6 Nd6 18. Qxh6 Ne8 19. g5 Qxb2 20. Rae1 Rb8 21. Re3 c5 22. Ne5 Rb7 23. Rb3 Qxd4 24. Nxg6 fxg6 25. Rxb7 1-0

[Event "EU-ch blitz"]
[Site "Katowice"]
[Date "2017.12.15"]
[Round "3"]
[White "Zhigalko, Sergei"]
[Black "Strejczek, Dariusz"]
[Result "1-0"]
[WhiteElo "2641"]
[BlackElo "2149"]
[PlyCount "51"]
[EventDate "2017.12.15"]
[EventType "swiss (blitz)"]
[EventRounds "22"]
[EventCountry "POL"]
[SourceTitle "CBM 182 Extra"]
[Source "ChessBase"]
[SourceDate "2018.02.23"]
[SourceVersion "1"]
[SourceVersionDate "2018.02.23"]
[SourceQuality "1"]

1. e4 d6 2. d4 g6 3. Nc3 Bg7 4. Nf3 Nf6 5. h3 O-O 6. Be3 e6 7. Qd2 Re8 8. Bh6 Bh8 9. O-O-O a6 10. Bg5 Qd7 11. Qf4 Nh5 12. Qh4 f6 13. Be3 Qe7 14. g4 Ng7 15. e5 fxe5 16. Ng5 h5 17. dxe5 d5 18. Bd3 d4 19. Bxd4 Nc6 20. Bxg6 Rd8 21. Nce4 Ne8 22. Qxh5 Qg7 23. Bf7+ Kf8 24. Bc5+ Nd6 25. Nxd6 b6 26. Nf5+ 1-0

[Event "EU-ch blitz"]
[Site "Katowice"]
[Date "2017.12.15"]
[Round "4"]
[White "Strejczek, Dariusz"]
[Black "Zhigalko, Sergei"]
[Result "0-1"]
[WhiteElo "2149"]
[BlackElo "2641"]
[PlyCount "48"]
[EventDate "2017.12.15"]
[EventType "swiss (blitz)"]
[EventRounds "22"]
[EventCountry "POL"]
[SourceTitle "CBM 182 Extra"]
[Source "ChessBase"]
[SourceDate "2018.02.23"]
[SourceVersion "1"]
[SourceVersionDate "2018.02.23"]
[SourceQuality "1"]

1. e4 c5 2. Nf3 Nc6 3. d4 cxd4 4. Nxd4 Nf6 5. Nc3 e5 6. Nb3 Bb4 7. Bd3 O-O 8. O-O Bxc3 9. bxc3 d6 10. h3 Re8 11. Bg5 h6 12. Bh4 g5 13. Bg3 Be6 14. f3 Nh5 15. Bf2 Nf4 16. Be3 Rc8 17. Bxf4 gxf4 18. Kh2 Kh7 19. Rg1 Rg8 20. Nc1 Qh4 21. Qe1 Rg3 22. Qf1 Rcg8 23. Ne2 R3g5 24. Qe1 Rxg2+ 0-1

[Event "EU-ch blitz"]
[Site "Katowice"]
[Date "2017.12.15"]
[Round "5"]
[White "Kyc, Jerzy"]
[Black "Zhigalko, Sergei"]
[Result "1-0"]
[WhiteElo "2265"]
[BlackElo "2641"]
[PlyCount "71"]
[EventDate "2017.12.15"]
[EventType "swiss (blitz)"]
[EventRounds "22"]
[EventCountry "POL"]
[SourceTitle "CBM 182 Extra"]
[Source "ChessBase"]
[SourceDate "2018.02.23"]
[SourceVersion "1"]
[SourceVersionDate "2018.02.23"]
[SourceQuality "1"]

1. e4 c5 2. Nf3 Nc6 3. d4 cxd4 4. Nxd4 Nf6 5. Nc3 e5 6. Ndb5 d6 7. Bg5 a6 8. Na3 b5 9. Nd5 Be7 10. Bxf6 Bxf6 11. c3 Bg5 12. Nc2 Ne7 13. Nce3 Bxe3 14. Nxe3 Bb7 15. Bd3 O-O 16. a4 bxa4 17. Rxa4 a5 18. O-O Bc6 19. Ra3 Rb8 20. b3 d5 21. Qc2 g6 22. Rfa1 a4 23. bxa4 Qa5 24. exd5 Bxd5 25. Bb5 Rfc8 26. Qd2 Ba8 27. Qd6 Qc7 28. Qf6 Nd5 29. Nxd5 Bxd5 30. c4 Be6 31. Re3 Bxc4 32. Rc3 Qb7 33. Rxc4 Rxc4 34. Bxc4 e4 35. h4 h5 36. Qxg6+ 1-0

[Event "EU-ch blitz"]
[Site "Katowice"]
[Date "2017.12.15"]
[Round "6"]
[White "Zhigalko, Sergei"]
[Black "Kyc, Jerzy"]
[Result "0-1"]
[WhiteElo "2641"]
[BlackElo "2265"]
[PlyCount "124"]
[EventDate "2017.12.15"]
[EventType "swiss (blitz)"]
[EventRounds "22"]
[EventCountry "POL"]
[SourceTitle "CBM 182 Extra"]
[Source "ChessBase"]
[SourceDate "2018.02.23"]
[SourceVersion "1"]
[SourceVersionDate "2018.02.23"]
[SourceQuality "1"]

1. e4 c5 2. Nf3 d6 3. d4 cxd4 4. Qxd4 Bd7 5. Bc4 Nc6 6. Qd3 Nf6 7. Nc3 Bg4 8. Bb3 e6 9. Bf4 Bxf3 10. Qxf3 Qa5 11. O-O-O Rd8 12. Ba4 Qc7 13. Nd5 Qa5 14. Nc3 Qc7 15. g4 a6 16. g5 Nd7 17. Qg3 b5 18. Bb3 Nce5 19. h4 Be7 20. h5 Nc5 21. g6 hxg6 22. hxg6 Rxh1 23. gxf7+ Kxf7 24. Rxh1 b4 25. Ne2 Bf6 26. Bxe5 dxe5 27. Qe3 Nd3+ 28. Kb1 Nc5 29. Bc4 Qc6 30. f3 Na4 31. Bb3 Nb6 32. c3 a5 33. cxb4 axb4 34. Rc1 Qd6 35. Ka1 Rc8 36. Rd1 Qc5 37. Qd3 Rd8 38. Qb1 Rxd1 39. Qxd1 g6 40. Nc1 Qd4 41. Nd3 Nc4 42. Bxc4 Qxc4 43. Qb3 Qd4 44. Qd1 Qe3 45. Kb1 Qd4 46. Kc2 g5 47. Qd2 g4 48. fxg4 Qc4+ 49. Kb1 Qxe4 50. Kc2 Kg6 51. Kb3 Qd5+ 52. Kc2 Qc4+ 53. Kb1 e4 54. Nf4+ Kf7 55. Nh5 Qf1+ 56. Kc2 Qc4+ 57. Kb1 Be5 58. Qf2+ Kg6 59. Qe3 Qd3+ 60. Qxd3 exd3 61. b3 Kg5 62. Kc1 Kxg4 0-1

[Event "EU-ch blitz"]
[Site "Katowice"]
[Date "2017.12.15"]
[Round "9"]
[White "Shubin, Kirill"]
[Black "Zhigalko, Sergei"]
[Result "0-1"]
[WhiteElo "2287"]
[BlackElo "2641"]
[PlyCount "49"]
[EventDate "2017.12.15"]
[EventType "swiss (blitz)"]
[EventRounds "22"]
[EventCountry "POL"]
[SourceTitle "CBM 182 Extra"]
[Source "ChessBase"]
[SourceDate "2018.02.23"]
[SourceVersion "1"]
[SourceVersionDate "2018.02.23"]
[SourceQuality "1"]

1. e4 Nf6 2. e5 Nd5 3. Nc3 Nb6 4. d4 d5 5. g3 Bf5 6. Bg2 e6 7. Nge2 c5 8. dxc5 Bxc5 9. O-O Nc6 10. Bf4 Nc4 11. Na4 Bb6 12. b3 N4xe5 13. Nxb6 Qxb6 14. Be3 Qa5 15. Nd4 Bg6 16. c4 dxc4 17. Nxc6 Nxc6 18. bxc4 O-O 19. Qd7 Qa6 20. Rfd1 Ne5 21. Qd2 Nxc4 22. Bf4 e5 23. Qe2 h6 24. Bc1 Rfd8 25. Rxd8+ 0-1

[Event "EU-ch blitz"]
[Site "Katowice"]
[Date "2017.12.15"]
[Round "10"]
[White "Zhigalko, Sergei"]
[Black "Shubin, Kirill"]
[Result "1-0"]
[WhiteElo "2641"]
[BlackElo "2287"]
[PlyCount "50"]
[EventDate "2017.12.15"]
[EventType "swiss (blitz)"]
[EventRounds "22"]
[EventCountry "POL"]
[SourceTitle "CBM 182 Extra"]
[Source "ChessBase"]
[SourceDate "2018.02.23"]
[SourceVersion "1"]
[SourceVersionDate "2018.02.23"]
[SourceQuality "1"]

1. e4 Nf6 2. e5 Nd5 3. Nc3 Nb6 4. d4 d5 5. g3 Bf5 6. Bg2 e6 7. Nge2 c5 8. dxc5 Bxc5 9. O-O Nc6 10. Bf4 Nc4 11. Na4 Bb6 12. b3 N4xe5 13. Nxb6 Qxb6 14. Be3 Qa5 15. Nd4 Bg6 16. c4 dxc4 17. Nxc6 Nxc6 18. bxc4 O-O 19. Qd7 Qa6 20. Rfd1 Ne5 21. Qd2 Nxc4 22. Bf4 e5 23. Qe2 h6 24. Bc1 Rfd8 25. Rxd8+ Rxd8 1-0

[Event "EU-ch blitz"]
[Site "Katowice"]
[Date "2017.12.15"]
[Round "11"]
[White "Zhigalko, Sergei"]
[Black "Gazik, Viktor"]
[Result "1-0"]
[WhiteElo "2641"]
[BlackElo "2479"]
[PlyCount "53"]
[EventDate "2017.12.15"]
[EventType "swiss (blitz)"]
[EventRounds "22"]
[EventCountry "POL"]
[SourceTitle "CBM 182 Extra"]
[Source "ChessBase"]
[SourceDate "2018.02.23"]
[SourceVersion "1"]
[SourceVersionDate "2018.02.23"]
[SourceQuality "1"]

1. e4 c5 2. Nf3 g6 3. c3 Bg7 4. d4 Nf6 5. e5 Nd5 6. dxc5 Nc7 7. Bc4 O-O 8. O-O Nc6 9. Re1 b5 10. cxb6 axb6 11. Na3 Bb7 12. Bf4 Ne6 13. Bg3 Ra5 14. Nb5 Qc8 15. b4 Ra8 16. Bb3 Rd8 17. a4 h5 18. Qd2 Qb8 19. Rad1 Na7 20. Nbd4 Nc6 21. Bh4 Ncxd4 22. Nxd4 Bxe5 23. Nxe6 fxe6 24. Bxe7 Re8 25. Qxd7 Bxh2+ 26. Kh1 Kh8 27. Bf6+ 1-0

[Event "EU-ch blitz"]
[Site "Katowice"]
[Date "2017.12.15"]
[Round "12"]
[White "Gazik, Viktor"]
[Black "Zhigalko, Sergei"]
[Result "1/2-1/2"]
[WhiteElo "2479"]
[BlackElo "2641"]
[PlyCount "143"]
[EventDate "2017.12.15"]
[EventType "swiss (blitz)"]
[EventRounds "22"]
[EventCountry "POL"]
[SourceTitle "CBM 182 Extra"]
[Source "ChessBase"]
[SourceDate "2018.02.23"]
[SourceVersion "1"]
[SourceVersionDate "2018.02.23"]
[SourceQuality "1"]

1. Nf3 d5 2. d4 c6 3. e3 Bg4 4. h3 Bh5 5. c4 e6 6. Nc3 Nd7 7. Qb3 Bxf3 8. gxf3 Qb8 9. e4 dxc4 10. Bxc4 Ngf6 11. Be3 b5 12. Be2 a6 13. f4 Be7 14. Rg1 O-O 15. e5 Nd5 16. Nxd5 cxd5 17. f5 Kh8 18. Bd3 exf5 19. Qxd5 Nb6 20. Qb3 g6 21. Bh6 Qc7 22. Bxf5 Nc4 23. Bxf8 Rxf8 24. Bd3 Qa5+ 25. Ke2 Qd2+ 26. Kf1 Nxb2 27. Rg3 Rc8 28. Be2 Qxd4 29. Rb1 Nc4 30. Bxc4 Rxc4 31. Qe3 Qd5 32. Kg1 Bc5 33. Qf3 Qxf3 34. Rxf3 Kg7 35. Rb2 Bd4 36. Re2 Rc6 37. Rd3 Ba1 38. Kg2 a5 39. Rd5 Rb6 40. f4 a4 41. Kf3 b4 42. Rd1 Bc3 43. Rc1 a3 44. h4 Bb2 45. Rc7 b3 46. e6 Rxe6 47. Rxe6 bxa2 48. Re1 a1=Q 49. Rxa1 Bxa1 50. Ra7 Bb2 51. Ke4 Kh6 52. Ra5 f5+ 53. Kf3 Kh5 54. Kg3 Bc1 55. Ra7 h6 56. Ra6 Bb2 57. Ra5 Bc1 58. Ra6 g5 59. hxg5 hxg5 60. fxg5 Kxg5 61. Kf3 Bb2 62. Ra5 Kf6 63. Kf4 Bc1+ 64. Kf3 Ke6 65. Ke2 Bb2 66. Kd3 Kf6 67. Ke2 Bc1 68. Kf3 Ke6 69. Ke2 f4 70. Kf3 Kd6 71. Rxa3 Bxa3 72. Kxf4 1/2-1/2

[Event "EU-ch blitz"]
[Site "Katowice"]
[Date "2017.12.15"]
[Round "13"]
[White "Jussupow, Artur"]
[Black "Zhigalko, Sergei"]
[Result "0-1"]
[WhiteElo "2582"]
[BlackElo "2641"]
[PlyCount "118"]
[EventDate "2017.12.15"]
[EventType "swiss (blitz)"]
[EventRounds "22"]
[EventCountry "POL"]
[SourceTitle "CBM 182 Extra"]
[Source "ChessBase"]
[SourceDate "2018.02.23"]
[SourceVersion "1"]
[SourceVersionDate "2018.02.23"]
[SourceQuality "1"]

1. d4 Nf6 2. Nf3 e6 3. e3 b6 4. Bd3 Bb7 5. O-O d5 6. Ne5 Bd6 7. Nd2 O-O 8. f4 Ne4 9. Nxe4 dxe4 10. Bc4 Bd5 11. Be2 f6 12. Ng4 Nd7 13. c4 Bb7 14. b3 a5 15. a4 Qe7 16. Bb2 Rad8 17. Qe1 Nb8 18. Qh4 Nc6 19. f5 Bc8 20. fxe6 f5 21. Qxe7 Nxe7 22. Nf2 c6 23. Nh3 Bxe6 24. Ng5 Bc8 25. Rac1 h6 26. Nh3 g5 27. c5 bxc5 28. dxc5 Bc7 29. g4 Nd5 30. Bc4 Kh7 31. Bxd5 Rxd5 32. Nf2 Re8 33. gxf5 Bxf5 34. Bd4 Kg6 35. h3 h5 36. Kg2 Re7 37. Rcd1 Red7 38. Nh1 Be5 39. Ng3 Bxd4 40. exd4 h4 41. Nxf5 Rxf5 42. Rfe1 Rf4 43. d5 Rxd5 44. Rxd5 cxd5 45. c6 Rf7 46. Rc1 Rc7 47. Rc5 Kf6 48. Rxd5 Rxc6 49. Rxa5 Rc2+ 50. Kg1 e3 51. Kf1 Rb2 52. Rb5 Kg6 53. a5 g4 54. hxg4 h3 55. Rh5 h2 56. a6 Rb1+ 57. Kg2 e2 58. a7 e1=Q 59. a8=Q h1=Q+ 0-1

[Event "EU-ch blitz"]
[Site "Katowice"]
[Date "2017.12.15"]
[Round "14"]
[White "Zhigalko, Sergei"]
[Black "Jussupow, Artur"]
[Result "1/2-1/2"]
[WhiteElo "2641"]
[BlackElo "2582"]
[PlyCount "86"]
[EventDate "2017.12.15"]
[EventType "swiss (blitz)"]
[EventRounds "22"]
[EventCountry "POL"]
[SourceTitle "CBM 182 Extra"]
[Source "ChessBase"]
[SourceDate "2018.02.23"]
[SourceVersion "1"]
[SourceVersionDate "2018.02.23"]
[SourceQuality "1"]

1. e4 e6 2. d4 d5 3. e5 c5 4. c3 Nc6 5. Nf3 Bd7 6. Be2 Nge7 7. Na3 Rc8 8. Nc2 cxd4 9. cxd4 Nf5 10. O-O Be7 11. Bd3 Nh4 12. Nxh4 Bxh4 13. Qg4 Kf8 14. b4 h5 15. Qe2 g6 16. a3 a6 17. Be3 Kg7 18. a4 Na7 19. Rfb1 Qe8 20. b5 axb5 21. a5 Be7 22. Bd2 Rc7 23. Na3 h4 24. h3 Bc6 25. Bb4 Bxb4 26. Rxb4 Qe7 27. Rab1 Rhc8 28. Bxb5 Nxb5 29. Nxb5 Bxb5 30. Rxb5 Qg5 31. Qe3 Qxe3 32. fxe3 Ra8 33. R1b3 Rc2 34. Ra3 Ra7 35. Kf1 g5 36. Rbb3 Kg6 37. Rb4 Kf5 38. Rb1 Ke4 39. Kg1 Re2 40. Rbb3 Rd2 41. Rb1 Re2 42. Rbb3 Rd2 43. Rb1 Re2 1/2-1/2

[Event "EU-ch blitz"]
[Site "Katowice"]
[Date "2017.12.15"]
[Round "15"]
[White "Zhigalko, Sergei"]
[Black "Ladva, Ottomar"]
[Result "1-0"]
[WhiteElo "2641"]
[BlackElo "2522"]
[PlyCount "85"]
[EventDate "2017.12.15"]
[EventType "swiss (blitz)"]
[EventRounds "22"]
[EventCountry "POL"]
[SourceTitle "CBM 182 Extra"]
[Source "ChessBase"]
[SourceDate "2018.02.23"]
[SourceVersion "1"]
[SourceVersionDate "2018.02.23"]
[SourceQuality "1"]

1. e4 e5 2. Nf3 Nf6 3. d4 Nxe4 4. Bd3 d5 5. Nxe5 Nd7 6. Nxd7 Bxd7 7. O-O Bd6 8. Nc3 Nxc3 9. bxc3 O-O 10. Qh5 f5 11. Re1 Qf6 12. Qf3 c6 13. Bf4 Rae8 14. h4 g6 15. Qg3 Bxf4 16. Qxf4 Rxe1+ 17. Rxe1 Re8 18. Rxe8+ Bxe8 19. Qb8 Kf8 20. Qxa7 Qxh4 21. Qxb7 h5 22. Qb8 Qg5 23. Qd6+ Kg7 24. Qe5+ Kf8 25. Qe3 Qf6 26. a4 f4 27. Qe5 Qxe5 28. dxe5 c5 29. a5 c4 30. Be2 Ke7 31. g3 fxg3 32. f4 Ke6 33. Kg2 h4 34. Bg4+ Ke7 35. a6 Bc6 36. Kh3 Kf7 37. a7 Ke7 38. Bf3 g5 39. fxg5 Ke6 40. Kxh4 Kxe5 41. Kxg3 Kf5 42. Kh4 Kg6 43. Kg4 1-0

[Event "EU-ch blitz"]
[Site "Katowice"]
[Date "2017.12.15"]
[Round "16"]
[White "Ladva, Ottomar"]
[Black "Zhigalko, Sergei"]
[Result "0-1"]
[WhiteElo "2522"]
[BlackElo "2641"]
[PlyCount "54"]
[EventDate "2017.12.15"]
[EventType "swiss (blitz)"]
[EventRounds "22"]
[EventCountry "POL"]
[SourceTitle "CBM 182 Extra"]
[Source "ChessBase"]
[SourceDate "2018.02.23"]
[SourceVersion "1"]
[SourceVersionDate "2018.02.23"]
[SourceQuality "1"]

1. Nf3 d5 2. g3 c6 3. c4 Nf6 4. Bg2 e6 5. O-O b5 6. cxb5 cxb5 7. Nc3 b4 8. Na4 Nbd7 9. d4 Ba6 10. Bg5 Be7 11. Rc1 O-O 12. Ne1 Qa5 13. Nd3 Bxd3 14. exd3 Rac8 15. Qb3 Nb6 16. Nxb6 Qxb6 17. Be3 Ng4 18. Bf3 Nxe3 19. fxe3 Bg5 20. Kf2 g6 21. h4 Bh6 22. a3 a5 23. axb4 axb4 24. g4 Qd6 25. Rxc8 Qh2+ 26. Bg2 Rxc8 27. Rh1 Bxe3+ 0-1

[Event "EU-ch blitz"]
[Site "Katowice"]
[Date "2017.12.15"]
[Round "17"]
[White "Dziuba, Marcin"]
[Black "Zhigalko, Sergei"]
[Result "0-1"]
[WhiteElo "2584"]
[BlackElo "2641"]
[PlyCount "60"]
[EventDate "2017.12.15"]
[EventType "swiss (blitz)"]
[EventRounds "22"]
[EventCountry "POL"]
[SourceTitle "CBM 182 Extra"]
[Source "ChessBase"]
[SourceDate "2018.02.23"]
[SourceVersion "1"]
[SourceVersionDate "2018.02.23"]
[SourceQuality "1"]

1. d4 Nf6 2. c4 e6 3. g3 c5 4. d5 exd5 5. cxd5 d6 6. Nc3 g6 7. Bg2 Bg7 8. Nf3 O-O 9. O-O Re8 10. Re1 a6 11. a4 Nbd7 12. Bf4 Qc7 13. e4 Ng4 14. Nd2 Nge5 15. Bf1 h5 16. h3 Rb8 17. Be3 c4 18. Rc1 Nc5 19. Nxc4 Nxc4 20. Bxc4 Bxh3 21. b4 Bxc3 22. Rxc3 Nxe4 23. Rc1 Qd7 24. Qd4 Qf5 25. Bd3 Qf3 26. Bf1 Bxf1 27. Rxf1 Nxg3 28. fxg3 Qxg3+ 29. Kh1 Qh3+ 30. Kg1 Rxe3 0-1

[Event "EU-ch blitz"]
[Site "Katowice"]
[Date "2017.12.15"]
[Round "18"]
[White "Zhigalko, Sergei"]
[Black "Dziuba, Marcin"]
[Result "1-0"]
[WhiteElo "2641"]
[BlackElo "2584"]
[PlyCount "110"]
[EventDate "2017.12.15"]
[EventType "swiss (blitz)"]
[EventRounds "22"]
[EventCountry "POL"]
[SourceTitle "CBM 182 Extra"]
[Source "ChessBase"]
[SourceDate "2018.02.23"]
[SourceVersion "1"]
[SourceVersionDate "2018.02.23"]
[SourceQuality "1"]

1. e4 c5 2. Nf3 d6 3. d4 cxd4 4. Qxd4 Nc6 5. Bb5 Bd7 6. Bxc6 Bxc6 7. Nc3 Nf6 8. Bg5 e6 9. O-O-O Be7 10. Rhe1 O-O 11. Kb1 Qa5 12. Qd2 Rfd8 13. Nd4 Rac8 14. f3 b5 15. Nd5 Qxd2 16. Nxe7+ Kf8 17. Rxd2 Kxe7 18. Red1 h6 19. Be3 Be8 20. Nb3 Rc7 21. Bc5 Rcd7 22. Rxd6 Rxd6 23. e5 Nd5 24. Bxd6+ Kd7 25. Bf8 Kc7 26. Kc1 g6 27. Bxh6 a5 28. Nxa5 Ra8 29. Bd2 b4 30. Nb3 Rxa2 31. Re1 Ra8 32. Re4 Ba4 33. Nc5 Bb5 34. Nb3 Ba4 35. Nc5 Bb5 36. Bxb4 Ra1+ 37. Kd2 Bc6 38. Nd3 Rg1 39. Bd6+ Kb7 40. Rg4 Rh1 41. h3 Nb6 42. Nc5+ Kc8 43. Rb4 Nd7 44. Nxd7 Kxd7 45. Rf4 Ke8 46. Rc4 Kd7 47. Rf4 Ke8 48. b3 Rf1 49. Ke3 Rc1 50. Rc4 Kd7 51. h4 Rg1 52. Kf2 Rc1 53. Rc5 f5 54. exf6 Kxd6 55. Rxc6+ Kd5 1-0

[Event "EU-ch blitz"]
[Site "Katowice"]
[Date "2017.12.15"]
[Round "21"]
[White "Fressinet, Laurent"]
[Black "Zhigalko, Sergei"]
[Result "0-1"]
[WhiteElo "2662"]
[BlackElo "2641"]
[PlyCount "72"]
[EventDate "2017.12.15"]
[EventType "swiss (blitz)"]
[EventRounds "22"]
[EventCountry "POL"]
[SourceTitle "CBM 182 Extra"]
[Source "ChessBase"]
[SourceDate "2018.02.23"]
[SourceVersion "1"]
[SourceVersionDate "2018.02.23"]
[SourceQuality "1"]

1. e4 c5 2. Nf3 Nc6 3. Bb5 Nf6 4. Nc3 Qc7 5. O-O Nd4 6. Re1 a6 7. Bf1 Ng4 8. g3 Nxf3+ 9. Qxf3 Ne5 10. Qd1 e6 11. b3 d6 12. Bb2 Be7 13. Bg2 O-O 14. d4 cxd4 15. Qxd4 Bf6 16. Qd2 b5 17. f4 Nc6 18. e5 Be7 19. exd6 Bxd6 20. Ne4 Bb4 21. Bc3 Rd8 22. Qe3 Bb7 23. Nc5 Bxc3 24. Qxc3 Rac8 25. Qe3 Ba8 26. Rad1 Nb4 27. Rxd8+ Rxd8 28. Qf2 Bxg2 29. Kxg2 Rc8 30. Nd3 Qb7+ 31. Kg1 Rxc2 32. Qf1 Nxd3 33. Rd1 g6 34. Rxd3 Rb2 35. Rf3 Qe4 36. Qc1 Rb1 0-1

[Event "EU-ch blitz"]
[Site "Katowice"]
[Date "2017.12.15"]
[Round "22"]
[White "Zhigalko, Sergei"]
[Black "Fressinet, Laurent"]
[Result "1/2-1/2"]
[WhiteElo "2641"]
[BlackElo "2662"]
[PlyCount "71"]
[EventDate "2017.12.15"]
[EventType "swiss (blitz)"]
[EventRounds "22"]
[EventCountry "POL"]
[SourceTitle "CBM 182 Extra"]
[Source "ChessBase"]
[SourceDate "2018.02.23"]
[SourceVersion "1"]
[SourceVersionDate "2018.02.23"]
[SourceQuality "1"]

1. e4 e5 2. Nf3 Nc6 3. Bb5 a6 4. Ba4 d6 5. O-O Bg4 6. h3 h5 7. Bxc6+ bxc6 8. d4 Bxf3 9. Qxf3 exd4 10. e5 d5 11. c3 Bc5 12. Rd1 Qd7 13. cxd4 Bb6 14. Bg5 Ne7 15. Bxe7 Qxe7 16. Nc3 Qb4 17. Ne2 Qxb2 18. Rac1 Qxa2 19. Rxc6 Rd8 20. e6 f6 21. Nf4 Qa4 22. Rcc1 Qb5 23. Qg3 g5 24. Nd3 Rh7 25. Qf3 Ke7 26. Qf5 Rg7 27. Nc5 Rd6 28. Re1 Qe8 29. Nd7 Qg6 30. Qxg6 Rxg6 31. Nxb6 Rxb6 32. Rxc7+ Ke8 33. Rc8+ Ke7 34. Rc7+ Ke8 35. Rc8+ Ke7 36. Rc7+ 1/2-1/2